000 00479nam a22001937a 4500
003 OSt
005 20260223130753.0
008 260223b |||||||| |||| 00| 0 eng d
040 _cSKBL
041 _aasm
082 _a891.41308
_bMa 29 Sy
100 _aMalik, Sayed Abdul.
_eaut
245 0 _aSayed Abdul Malik Rachanawali /
250 _a1st ed. /
260 _aGuwahati :
_bKasturi Prakashan,
_c2001.
300 _a775p. ;
650 _aAssamese linguistics
942 _cREF
999 _c1014
_d1014